| 000 | 00744nam a2200241 a 4500 | ||
|---|---|---|---|
| 001 | 000025309 | ||
| 005 | 20200930023710.0 | ||
| 008 | 110214s1976 sp r 000 0 spa d | ||
| 020 | _a8401460336 | ||
| 040 |
_aDO-SdBNP _bspa _cBNPHU |
||
| 041 | 1 | 7 |
_aspa _hfre _2Código de idiomas MARC |
| 082 |
_ann* _bnn* |
||
| 100 | 1 |
_aBataille, Michel. _951841 |
|
| 240 | 1 | 3 |
_aLe feu du ciel. _lEspañol |
| 245 | 1 | 3 |
_aEl fuego del cielo / _cMichel Bataille ; traducción de Ana M. Mayench. |
| 260 |
_aBarcelona : _bPlaza & Janes, _c1976. |
||
| 300 |
_a310, [10] p. ; _c18 cm. |
||
| 490 | 1 |
_aManantial. _v33 |
|
| 534 |
_aTítulo original : _tLe feu du ciel |
||
| 700 | 1 |
_aMayench, Ana M., _etr. _951842 |
|
| 830 | 0 |
_aManantial. _v33 _951843 |
|
| 049 | _aBNGR | ||
| 999 |
_c24802 _d24802 |
||